MOS and special-purpose bipolar integrated circuits and R-F power transistor circuit design (Record no. 6521)

000 -LEADER
fixed length control field 00663nam a2200217 i 4500
001 - CONTROL NUMBER
control field 6521
003 - CONTROL NUMBER IDENTIFIER
control field BD-DhUET
008 - FIXED-LENGTH DATA ELEMENTS--GENERAL INFORMATION
fixed length control field 760819s1976 nyua b 001 0 eng
020 ## - INTERNATIONAL STANDARD BOOK NUMBER
International Standard Book Number 0070637512
040 ## - CATALOGING SOURCE
Original cataloging agency DLC
Transcribing agency DLC
Modifying agency BD-DhUET
082 00 - DEWEY DECIMAL CLASSIFICATION NUMBER
Classification number 623.8173
Item number NOR/1976
100 ## - MAIN ENTRY--PERSONAL NAME
Personal name Norris, Bryan
245 00 - TITLE STATEMENT
Title MOS and special-purpose bipolar integrated circuits and R-F power transistor circuit design
Statement of responsibility, etc. edited by Bryan Norris
250 ## - EDITION STATEMENT
Edition statement 1st ed
260 ## - PUBLICATION, DISTRIBUTION, ETC. (IMPRINT)
Place of publication, distribution, etc. New York
Name of publisher, distributor, etc. McGraw Hill
Date of publication, distribution, etc. 1976
300 ## - PHYSICAL DESCRIPTION
Extent 228 p.
Other physical details ill.
Dimensions 26 cm.
490 0# - SERIES STATEMENT
Series statement Texas Instruments electronics series
650 #0 - SUBJECT ADDED ENTRY--TOPICAL TERM
Topical term or geographic name as entry element Integrated circuits
650 #0 - SUBJECT ADDED ENTRY--TOPICAL TERM
Topical term or geographic name as entry element Metal oxide semiconductors
942 ## - ADDED ENTRY ELEMENTS (KOHA)
Koha item type Edited Book
Holdings
Withdrawn status Date acquired Location (home branch) Copy number Lost status Source of classification or shelving scheme Koha date last seen Koha full call number Sublocation or collection (holding branch) Koha item type Shelving location Damaged status Koha normalized classification for sorting Price effective from Not for loan Piece designation (barcode)
 2014-12-03Central Library, BUET1  2014-12-03623.8173/NOR/1976Central Library, BUETEdited BookCirculation section 623_000000000000000_8173NOR1972014-12-03 44450
 2014-12-03Central Library, BUET2  2014-12-03623.8173/NOR/1976Central Library, BUETEdited BookCirculation section 623_000000000000000_8173NOR1972014-12-03 44451
 2014-12-03Central Library, BUET3  2014-12-03623.8173/NOR/1976Central Library, BUETEdited BookCirculation section 623_000000000000000_8173NOR1972014-12-03 44452